000 01139nam0a22002651 4500
001 rc\1074811
005 20260407095153.0
035 _a(NLR Aleph) 006234449
090 _a6606678
_c6606678
100 _a20041129d1980 |||y0rusy50 ca
101 0 _arus
102 _aRU
105 _aa |||||||||
200 1 _aБотанические исследования на Дальнем Востоке
_e[Сб. статей]
_fДальневост. гос. ун-т
_g[Редкол.: М.М. Назарова (отв. ред.) и др.]
210 _aВладивосток
_cДВГУ
_d1980
215 _a131 с.
_cил.
_d21
320 _aБиблиогр. в конце статей
702 1 _4340
_aНазарова
_bМ. М.
_cканд. биол. наук, микология
_gМаргарита Михайловна
_9225058
_3RU\NLR\AUTH\770225114
712 0 2 _aДальневосточный государственный университет
_cВладивосток
_3RU\NLR\AUTH\889921985
_9340019
801 0 _aRU
_bNLR
_gpsbo
801 1 _aRU
_bELAR
_2rusmarc
852 _aNLR
_j81-3/7138
942 _cBOOK
980 _aNB